000 00359nam a2200169Ia 4500
100 _aPillai/Rajendra
650 _aPhilosophy
942 _cBK
366 _f25
654 _alife
245 _aLiving life the better way
260 _bBetter Yourself Books
_aBandra
_c1995
082 _a170/PIL
_bPIL
300 _a87
546 _aENGLISH
999 _c27029
_d27029